Teoría del conocimiento

Guardat en:
Dades bibliogràfiques
Autor principal: Hessen, Johannes (autor)
Format: Llibre
Idioma:espanyol
Publicat: Buenos Aires Losada 1983
Edició:20a. ed
Col·lecció:Biblioteca clásica y contemporánea, 3
Matèries:
Etiquetes: Afegir etiqueta
Sense etiquetes, Sigues el primer a etiquetar aquest registre!

MARC

LEADER 00000nam a2200000 a 4500
001 UCW3827
003 CL-VaPUC
008 890412e19830000AG |||||||||||||||||spa|d
082 0 4 |a 121  |b HES  |2 21 
100 |a Hessen, Johannes  |e autor  |9 597453 
245 1 0 |a Teoría del conocimiento 
250 |a 20a. ed 
300 |a 157 p 
942 |c BK 
945 |d 19890412 00:00:00 
260 |a Buenos Aires  |b Losada  |c 1983 
650 0 |a Teoría del conocimiento   |9 255038 
583 |a last modification  |c 19890412 00:00:00  |k Rodrigo Vera 
490 0 |a Biblioteca clásica y contemporánea, 3 
999 |c 217713  |d 217711 
952 |0 0  |1 0  |4 0  |6 121_000000000000000_HES_1983  |7 0  |8 A  |9 205823  |a BIBEDU  |b BIBEDU  |c ES_NOD  |d 2019-11-15  |i 2737612  |l 2  |o 121 HES 1983  |p 2737612  |q 2025-06-26  |r 2025-03-07  |s 2025-03-07  |w 2019-11-15  |y BK  |k EDU